|
|
|
|
| LEADER |
00000nam0a2200000 4500 |
| 001 |
246668 |
| 005 |
20231101232228.0 |
| 010 |
|
|
|a 502007280X
|
| 035 |
|
|
|a (RuTPU)RU\TPU\book\268121
|
| 090 |
|
|
|a 246668
|
| 100 |
|
|
|a 20131206d1990 k y0engy50 ba
|
| 101 |
0 |
|
|a eng
|
| 102 |
|
|
|a RU
|
| 105 |
|
|
|a a z 101zy
|
| 200 |
1 |
|
|a XI conference on analytical atomic spectroscopy with International Participation
|e Moscow, USSR July 29-August 4, 1990
|e Abstracts
|
| 210 |
|
|
|a Moscow
|c Nauka
|d 1990
|
| 215 |
|
|
|a 480 s.
|c il.
|
| 320 |
|
|
|a Autor index: p. 470-480.
|
| 510 |
1 |
|
|a XI конференция по аналитической атомной спектроскопии
|z rus
|
| 606 |
1 |
|
|a Спектральный анализ, атомный
|2 stltpush
|3 (RuTPU)RU\TPU\subj\73664
|9 86530
|
| 610 |
1 |
|
|a аналитическая химия
|
| 610 |
1 |
|
|a спектроскопические исследования
|
| 610 |
1 |
|
|a спектроскопические методы
|
| 610 |
1 |
|
|a спектроскопический анализ
|
| 610 |
1 |
|
|a конференции
|
| 610 |
1 |
|
|a Москва
|
| 675 |
|
|
|a 543.42(063)
|v 3
|
| 712 |
0 |
2 |
|a USSR Academy of Sciences
|2 stltpush
|3 (RuTPU)RU\TPU\col\17690
|
| 712 |
1 |
2 |
|a XI conference on analytical atomic spectroscopy
|e Moscow
|f 1990
|
| 801 |
|
1 |
|a RU
|b 63413507
|c 20131206
|
| 801 |
|
2 |
|a RU
|b 63413507
|c 20181026
|g RCR
|
| 942 |
|
|
|c BK
|